| 000 | 00583nam a2200181Ia 4500 | ||
|---|---|---|---|
| 003 | OSt | ||
| 005 | 20260326104222.0 | ||
| 008 | 211028s2008 xx 000 0 und d | ||
| 040 | _cAIMIT LIBRARY | ||
| 041 | _aeng | ||
| 082 | _a658.8 MENA | ||
| 100 |
_aMenezes, Alan Johnson;Achar, Sumitha. _g60471302 _95857 |
||
| 245 | _aImpact of newspaper advertisements on consumer buying behavior in Mangalore city: a study with reference to magnum intergraphics pvt ltd / | ||
| 260 |
_bAchar, Sumitha _c2008 |
||
| 600 |
_aMarketing _95858 |
||
| 650 |
_aMarketing _95859 |
||
| 942 |
_2ddc _cPRO |
||
| 999 |
_c218044 _d218044 |
||